| 000 | 00765nam a22002177a 4500 | ||
|---|---|---|---|
| 003 | OSt | ||
| 005 | 20260311055802.0 | ||
| 008 | 260311b |||||||| |||| 00| 0 eng d | ||
| 020 | _a0-7537-1089-7. | ||
| 040 |
_aDWCL Main lib _cOC |
||
| 082 | _aGR. 909.08 B725 2005 | ||
| 100 | _aHarrison, Ian | ||
| 245 |
_aThe book of firsts : _bthe stories behind the outstanding breakthroughs of the modern world _cIan Harrison |
||
| 260 |
_aLondon : _bBounty Books, _cc2005. |
||
| 300 |
_a288 p. : _bcol. ill. ; _c27 cm. |
||
| 504 | _aIncludes bibliographical references and index. | ||
| 650 | _a1. Civilization-History-Anecdotes. | ||
| 650 | _a2. Discoveries in geography-History-Anecdotes. | ||
| 650 | _a3. World records-History-Anecdotes. | ||
| 942 |
_2ddc _cGR _kGR. _n0 |
||
| 999 |
_c8940 _d8940 |
||